1960 1812 1487 1159 1039 1753 1232 1105 1648 1853 1592 1966 1461 1850 1370 1045 1909 1181 1633 1850 1479 1908 1911 1580 1382 1514 1884 1072 1981 1454 1043 1681 1358 1349 1203 1663 1801 1393 1584 1271 1405 1940 1264 1634 1934 1596 1589 1931 1139 1938 1477 1024 1171 1990 1391 1721 1045 1085 1673 1554 1809 1584 1427 1344 1793 1909 1883 1547 1352 1810 1798 1539 1191 1152 1344 1470 1857 1550 1568 1850 1175 1630 1692 1112 1714 1787 1452 1354 1952 1508 1213 1449 1032 1353 1893 1960 1962 1126 1766 BCNSPRNW ULIB Ver.6.0+V

เปลี่ยนเป็นภาษาไทย

Change to English
 แสดงรายละเอียดบรรณานุกรม
  กลับหน้าหลัก

Brief Record : Get Marc (ISO 2709) : E-mail record : QR code < ปิดหน้าต่าง
LEADER : 00000nam 2200000uu 4500
001    13399113331
003     ULIB
008    110627s2550||||th 000 0 tha d
020    9789749471876
090    นว.^bร147ห 2550
100 0  ร่มแก้ว
245 00 หัวใจไม่เคยหยุด(รัก)/^cร่มแก้ว
250    พิมพ์ครั้งที่ 1
260    กรุงเทพฯ :^bพิมพ์คำ,^c2550
300    383 หน้า
710 1  พิมพ์คำ
945    ^p240^l0^i021017
995    ทศพร
999 ^a ใช้งานได้ทุกระบบ
รายการนี้ยังไม่มีแท็ก
คุณยังไม่ได้ล็อกอิน คุณสามารถมีกิจกรรมร่วมกับเว็บไซต์ได้ แต่ต้องล็อกอินก่อน ::
  ล็อกอิน

รายการสื่อสารสนเทศ

ลำดับที่ ประเภท เลขเรียก/บาร์โค้ด สถานที่ สถานะ
- ไม่พบข้อมูล -

รายการใกล้เคียง
    ผู้แต่ง [ร่มแก้ว]

BibComment


ยังไม่เคยถูกคอมเมนท์

คอมเมนท์ทรัพยากรรายการนี้
  คอมเมนท์: หัวใจไม่เคยหยุดรั..


 Copyright 2026. Bcnsprnw @Library